00459 2200169 4500245008100000020002200081250001100103100001600114700001500130650002200145005001900167260004000186041001400226084001100240300002900251336000900280 aSlow Living b : Hidup Bukanlah Pelarian tapi PerjalanancSabrina ArahText a978-623-5269-28-3 aCet. 3 aSabrina Ara aEsti Utami aPengembangan Diri a20241011095445 aJakartabSyalmahat Publishingc2024 aIndonesia a155.25 aviii, 116 hlm. :c20 cm. atext